Fueling Terror : The Dangers of Ransom Payments to Iran.

Bibliographic Details
Format: Government Document eBook
Language:English
Published: Bethesda, Md. : ProQuest, 2016.
Subjects:
Online Access:Electronic resource (PDF)

MARC

Tag First Indicator Second Indicator Subfields
LEADER 00000cam a22000001i 4500
001 in00004156449
005 20200117101223.0
006 m d f
007 cr bn mmmapmmp
008 180423s2016 mdu o f000 0 eng d
024 8 |a chdc20180238 
035 |a chdc20180238 
040 |a UMI  |b eng  |e rda  |c UMI  |d UtOrBLW 
043 |a a-ir--- 
086 0 |a Y 4.F 49/20:114-100 
110 1 |a United States.  |b Congress.  |b House.  |b Committee on Financial Services.  |b Subcommittee on Oversight and Investigations,  |e issuing body.  |0 http://id.loc.gov/authorities/names/no2001082706 
245 1 0 |a Fueling Terror :  |b The Dangers of Ransom Payments to Iran. 
264 1 |a Bethesda, Md. :  |b ProQuest,  |c 2016. 
300 |a 143 pages, digital, PDF file 
336 |a text  |2 rdacontent  |b txt 
337 |a computer  |b c  |2 rdamedia 
338 |a online resource  |2 rdacarrier  |b cr 
500 |a Record is based on bibliographic data in ProQuest U.S. Congressional Hearings Digital Collection. Reuse except for individual research requires license from ProQuest, LLC. 
533 |a Electronic reproduction.  |b [Bethesda, Md.] :  |c ProQuest,  |d 2018.  |e digital, PDF file.  |n ProQuest Congressional Hearings Digital Collection.  |n Mode of access: World Wide Web via ProQuest website. 
538 |a System requirements: PDF reader software. 
650 0 |a State-sponsored terrorism  |z Iran.  |0 http://id.loc.gov/authorities/subjects/sh2010114630 
650 0 |a Hostages  |z Iran.  |0 http://id.loc.gov/authorities/subjects/sh85062426 
651 0 |a Iran  |x Claims vs. United States. 
776 0 8 |i Microfiche version:   |a United States. Congress. House. Committee on Financial Services. Subcommittee on Oversight and Investigations.  |t Fueling Terror  |o CIS 2018 H371-24  |w cis20180829 
856 4 0 |u http://proxy.library.tamu.edu/login?url=http://search.proquest.com/congcomp/getdoc?HEARING-ID=HRG-2016-HFS-0040  |y Electronic resource (PDF)  |z CIS 2018-H371-24  |t 0 
998 |a cis20180829 
999 f f |s 7de88818-367f-35bf-a509-a3058eb4f094  |i ff3fd776-755d-30ee-a388-54f34c8592aa  |t 0 
952 f f |a Texas A&M University  |b College Station  |c Electronic Resources  |d Available Online  |t 0  |e Y 4.F 49/20:114-100  |h Superintendent of Documents classification 
998 f f |a Y 4.F 49/20:114-100  |t 0  |l Available Online